| 000 | 00793nam a2200193Ia 4500 | ||
|---|---|---|---|
| 003 | GCL | ||
| 005 | 20240530104146.0 | ||
| 008 | 140319s9999 xx 000 0 ara d | ||
| 040 |
_aGCL / _cGCL |
||
| 082 | 0 | 4 |
_a368.092 _bم و |
| 100 | 1 | _aمحمود سامى قرنى | |
| 245 | 1 | 0 |
_aالوجيز فى شرح احكام قانون المرور وجريمتى القتل والاصابة الخطأ التامين الاجبارى على السيارات: وفقا لاخر التعديلات واحدث احكام محكمة النقض / _cمحمود سامى قرنى |
| 260 |
_a[S.N] : _bمطابع الدار البيضاء ، _c1990 |
||
| 300 | _a241 ص | ||
| 650 | 0 | 4 | _aقوانين وتشريعات |
| 650 | 0 | 4 | _aالمرور |
| 650 | 0 | 4 | _aحوادث المرور |
| 942 |
_2ddc _cBK |
||
| 999 |
_c45075 _d45075 |
||